Assumim les prioritats del teu municipi : pla de concertació pla de concertació
Publicado:
Barcelona :
Diputació de Barcelona. Coordinació de Concertació i Assistència Local. Servei de Govern Local ,
2011
Descripción Física:
4 p. : il. col. ; 21 cm
MARC
| LEADER | 00000nam a2200000Ia 4500 | ||
|---|---|---|---|
| 001 | 23310 | ||
| 008 | 160829s2011 xx 000 0 cat d | ||
| 080 | |a FU-59-98 | ||
| 245 | |a Assumim les prioritats del teu municipi : |b pla de concertació | ||
| 260 | |a Barcelona : |b Diputació de Barcelona. Coordinació de Concertació i Assistència Local. Servei de Govern Local, |c 2011 | ||
| 300 | |a 4 p. : |b il. col. ; |c 21 cm | ||
| 590 | |a A la portada: Bons serveis per als ajuntaments, més benestar per a la ciutadania. | ||
| 590 | |a Setembre de 2011 | ||
| 610 | 1 | 0 | |a Barcelona (Catalunya : Província). |b Diputació |v Planificació |9 52706 |
| 650 | 0 | |a Municipis |x Govern i administració |x Barcelona (Catalunya : Província) |9 42329 | |
| 710 | |a Barcelona (Catalunya : Província). |b Servei de Govern Local |9 12081 | ||
| 901 | |a Arxiu | ||
| 942 | |n 1 | ||
| 952 | |0 0 |1 0 |4 0 |6 FU5998 |7 1 |9 54747 |a Arxiu |b Arxiu |d 2011-11-04 |l 0 |o FU-59-98 |p 23310 |r 2016-12-01 00:00:00 |w 2016-12-01 |y ARXIU | ||
| 999 | |c 58616 |d 58616 | ||